Costa Rica Immigration by Country - Statistics

General Stats
  • This quiz has been taken 101 times
  • The average score is 18 of 20
Answer Stats
# People Country of Origin % Correct
12,500 Panama
99%
14,000 United States
98%
4,400 Honduras
97%
310,000 Nicaragua
97%
22,600 Colombia
95%
15,000 El Salvador
95%
36,000 Venezuela
95%
1,600 Argentina
94%
2,000 Brazil
92%
3,000 Guatemala
92%
3,400 Mexico
92%
1,520 Canada
90%
6,100 Cuba
89%
1,400 Ecuador
89%
4,200 Peru
89%
1,900 Chile
87%
2,400 Spain
86%
3,600 China
74%
2,000 Germany
67%
2,400 Italy
67%
No matching quizzes found
Score Distribution
Percent of People with Each Score
Percentile by Number Answered
Your Score History
You have not taken this quiz